| 000 | 00733nam a22001937a 4500 | ||
|---|---|---|---|
| 999 |
_c196391 _d196391 |
||
| 005 | 20230713113058.0 | ||
| 010 | _aB-751403-414 CHEN 25.5.23 | ||
| 020 |
_a9789384625979 _c995.00 |
||
| 035 | _aB-751403-414 | ||
| 037 | _bOm Books International | ||
| 082 | _a915 | ||
| 245 | _aGeography Encyclopedia / | ||
| 260 |
_aNew Delhi _bOm Books International _c2020(repr.) |
||
| 270 |
_a107, Ansari Road, Darya Ganj, New Delhi _bNew Delhi _e110002 |
||
| 300 |
_a256p. _bcol.ill _c29cm(Hb) |
||
| 500 | _aIndex Included | ||
| 942 |
_2ddc _cCH _mGEO _h915 |
||